000 00325nam a2200133Ia 4500
005 20251222144915.0
008 251222s9999||||xx |||||||||||||| ||spa||
020 _a950-05-1589-X
082 _a868.931/M13V
100 _aMachado de Assis, Joaquim MarĂ­a
245 0 _aVereda Tropical:
264 _bCorregidor
942 _cLIB
999 _c22506
_d22506